Kríza je mladšia sestra katastrofy

Činnosť krízových manažérov. Prekonanie krízy v podniku. Dôležitosť hĺbkovej analýzy a identifikácie hlavných problémov. Dodržanie ozdravného plánu. Ozdravenie stavebnej firmy Sibamac. Skúsenosti krízových manažérov s reštrukturalizáciou podnikov.

Gespeichert in:
Bibliographische Detailangaben
1. Verfasser: Žitňanský, Eduard
Format: Buchkapitel
Sprache:Slowakisch
Schlagworte:
Tags: Tag hinzufügen
Keine Tags, Fügen Sie das erste Tag hinzu!

MARC

LEADER 00000naa a2200000 4500
001 0136109
005 20231113071235.4
041 0 |a slo 
044 |a SK 
245 1 0 |a Kríza je mladšia sestra katastrofy  |c Eduard Žitňanský 
520 |a Činnosť krízových manažérov. Prekonanie krízy v podniku. Dôležitosť hĺbkovej analýzy a identifikácie hlavných problémov. Dodržanie ozdravného plánu. Ozdravenie stavebnej firmy Sibamac. Skúsenosti krízových manažérov s reštrukturalizáciou podnikov. 
610 2 0 |a manažment krízový 
610 2 0 |a manažéri 
610 2 0 |a kríza podniku 
610 2 0 |a reštrukturalizácia 
610 2 0 |a firmy 
100 1 |a Žitňanský, Eduard